Teuerster Spieler jedes Bundesliga-Vereins - Statistiken

Allgemein
  • Dieses Quiz wurde 570 mal gespielt
  • Das Durchschnittsergebnis liegt bei 6 aus 18
Antwortstatistiken
Verein Marktwert Spieler % Korrekt
Borussia Dortmund 150,00 Mio. € Erling Haaland
95%
Bayer Leverkusen 70,00 Mio. € Florian Wirtz
83%
FC Bayern 85,00 Mio. € Joshua Kimmich
83%
RB Leipzig 65,00 Mio. € Christopher Nkunku
78%
SC Freiburg 28,00 Mio. € Nico Schlotterbeck
49%
Borussia M'gladbach 24,00 Mio. € Matthias Ginter
38%
VfB Stuttgart 22,00 Mio. € Sasa Kalajdzic
24%
Union Berlin 15,00 Mio. € Taiwo Awoniyi
23%
Eintracht Frankfurt 28,00 Mio. € Evan Ndicka
21%
TSG Hoffenheim 22,00 Mio. € Christoph Baumgartner
19%
Greuther Fürth 4,50 Mio. € Jamie Leweling
19%
VfL Bochum 7,50 Mio. € Armel Bella-Kotchap
13%
Arminia Bielefeld 8,00 Mio. € Patrick Wimmer
13%
Hertha BSC Berlin 9,00 Mio. € Suat Serdar
12%
VfL Wolfsburg 27,00 Mio. € Xaver Schlager
10%
FSV Mainz 05 18,00 Mio. € Moussa Niakhaté
9%
FC Augsburg 12,00 Mio. € Felix Uduokhai
4%
1. FC Köln 13,00 Mio. € Ellyes Shkhiri
1%
Keine übereinstimmenden Quizze gefunden
Verteilung der Resultate
Anzahl Personen mit jedem Resultat
Perzentil nach korrekt beantworteten Fragen
Ihre Resultats-Entwicklung
Sie haben dieses Quiz noch nicht gespielt